000 00389nam a2200181Ia 4500
001 751
005 20260306140541.0
008 260306t1997||||xx |||||||||||||| ||spa||
041 _aESP
082 _a160
_bD77
100 _aDión Martínez, Carlos
_eAUT
245 0 _aCurso de lógica
260 _c1997
300 _a
_c
650 _aGEN
654 _aCHU
942 _cLIB
_dJUS
_fJUS
_2ddc
_n
999 _c751
_d751